000 00676nam a2200229Ia 4500
003 OSt
005 20251024145021.0
008 220917b |||||||| |||| 00| 0 eng d
020 _a9781405154970 (pbk)
037 _cTB
040 _aARTS
_cARTS
_bENG
041 _2ENG
_aENG
084 _aX:77.1 P8
_qCRL
100 _aSeitz John L.
_934611
245 0 _aGlobal issues:
_bAn introduction
250 _a3rd
260 _aMalden:
_bBlackwell Publishing U.S.A,
_c2008.
300 _axvii, 308p.
_ccm.
650 _aECONOMICS
_9849478
942 _hX:77.1 P8
_cTB
_2CC
_n0
999 _c138203
_d138203